The unspeakable : discourse, dialogue, and rhetoric in the postmodern world /

Bibliographic Details
Main Author: Tyler, Stephen A., 1932-
Format: Book
Language:English
Published: Madison, Wis. : University of Wisconsin Press, 1987.
Series:Rhetoric of the human sciences.
Subjects:

MARC

Tag First Indicator Second Indicator Subfields
LEADER 00000cam a2200000 a 4500
001 in00000014318
005 20151007052204.0
008 870601s1987 wiua b s00110 eng
010 |a  87040149  
020 |a 0299112748 (pbk.) :  |c $17.75 
020 |a 0299112705 (hard) :  |c $42.50 
035 |a (OCoLC)16005243 
035 |9 AAA6683AM 
040 |a DLC  |c DLC  |d TXA  |d UtOrBLW 
049 |a TXAM  |c [A11047258] 
050 0 0 |a P302  |b .T95 1987 
082 0 |a 001.2  |2 19 
100 1 |a Tyler, Stephen A.,  |d 1932- 
245 1 4 |a The unspeakable :  |b discourse, dialogue, and rhetoric in the postmodern world /  |c Stephen A. Tyler. 
264 1 |a Madison, Wis. :  |b University of Wisconsin Press,  |c 1987. 
300 |a xiii, 240 pages :  |b illustrations ;  |c 23 cm. 
336 |a text  |b txt  |2 rdacontent 
337 |a unmediated  |b n  |2 rdamedia 
338 |a volume  |b nc  |2 rdacarrier 
490 1 |a Rhetoric of the human sciences 
504 |a Bibliography: pages 219-229. 
500 |a Includes index. 
650 0 |a Discourse analysis. 
650 0 |a Semiotics. 
650 0 |a Postmodernism. 
650 0 |a Ethnology  |x Philosophy. 
650 0 |a Knowledge, Theory of. 
830 0 |a Rhetoric of the human sciences. 
999 |a MARS 
999 f f |s 28f868ae-d07b-376a-8d49-4ffe586d5f93  |i 8a3fb448-7e91-379b-ac94-78bd25919012  |t 0 
952 f f |p normal  |a Texas A&M University  |b College Station  |c Sterling C. Evans Library  |d Evans: Library Stacks  |t 0  |e P302 .T95 1987  |h Library of Congress classification  |i unmediated -- volume  |m A14811047258 
998 f f |a P302 .T95 1987  |t 0  |l Evans: Library Stacks